MARC

LEADER 00000nam0a2200000 4500
001 255130
005 20231101233010.0
035 |a (RuTPU)RU\TPU\book\277633 
090 |a 255130 
100 |a 20140326d1989 k y0rusy50 ca 
101 0 |a rus 
102 |a RU 
105 |a a j 001zy 
200 1 |a Статистические методы в радиофизике  |e практикум с применением диалого-вычислительных комплексов  |f Г. А. Пономарев, В. Н. Пономарева, В. П. Якубов  |g Томский государственный университет (ТГУ) 
210 |a Томск  |c Изд-во Томского ун-та  |d 1989 
215 |a 235 с.  |c ил. 
320 |a Библиогр.: с. 231-232. 
606 1 |a Статистическая радиофизика  |2 stltpush  |3 (RuTPU)RU\TPU\subj\56843  |9 74730 
610 1 |a практикумы 
610 1 |a случайные процессы 
610 1 |a преобразования 
610 1 |a моделирование 
610 1 |a статистический анализ 
610 1 |a математическая статистика 
610 1 |a спектральный анализ 
610 1 |a сигналы 
610 1 |a прием 
610 1 |a закон распределения 
675 |a 537.86:519.2(075.8)  |v 3 
700 1 |a Пономарев  |b Г. А.  |g Геннадий Александрович 
701 1 |a Пономарева  |b В. Н. 
701 1 |a Якубов  |b В. П.  |g Владимир Петрович 
712 0 2 |a Томский государственный университет (ТГУ)  |2 stltpush  |3 (RuTPU)RU\TPU\col\397 
801 1 |a RU  |b 63413507  |c 20140326 
801 2 |a RU  |b 63413507  |c 20190408  |g RCR 
942 |c BK